| 000 | 02464cjm a2200529 a 4500 | ||
|---|---|---|---|
| 001 | 21502131 | ||
| 003 | OSt | ||
| 005 | 20211029082253.0 | ||
| 007 | sd fsngnnmmneu | ||
| 008 | 200415r1994198ucaurcn| fi | eng d | ||
| 010 | _a 2020619334 | ||
| 024 | 1 | _a052824223127 | |
| 028 | 0 | 2 |
_aGNPD 2231 _bGNP Crescendo Records |
| 035 | _a(OCoLC)ocm34727958 | ||
| 040 |
_aOWL _beng _erda _chu _dOCLCQ _dOCLCF _dOCLCO _dOCL _dOCLCQ _dDLC |
||
| 042 | _alccopycat | ||
| 050 | 0 | 0 | _aSDD 36158 |
| 245 | 0 | 0 | _a#1 hits 1980-1984. |
| 246 | 3 | _aNumber one hits 1980-1984 | |
| 264 | 1 |
_aHollywood, California : _bGNP Crescendo Records, _c[1994] |
|
| 264 | 4 | _c©1994. | |
| 300 |
_a1 audio disc : _bdigital ; _c4 3/4 in. |
||
| 336 |
_aperformed music _bprm _2rdacontent |
||
| 337 |
_aaudio _bs _2rdamedia |
||
| 338 |
_aaudio disc _bsd _2rdacarrier |
||
| 344 |
_adigital _2rdatr |
||
| 344 |
_boptical _2rdarm |
||
| 344 |
_gstereo _2rdacpc |
||
| 347 |
_aaudio file _2rdaft |
||
| 347 | _bCD audio | ||
| 500 | _aTitle from disc label. | ||
| 500 | _aCompilation. | ||
| 500 | _aSelections previously released from various releases from the 1980s. | ||
| 500 | _aProgram notes and credits on insert in container. | ||
| 505 | 0 | 0 |
_tWhat's love got to do with it _r(Tina Turner) _g(3:48) -- _tDown under _r(Men At Work) _g(3:41) -- _tUp where we belong _r(Joe Cocker & Jennifer Warnes) _g(4:00) -- _tCaribbean queen _r(Billy Ocean) _g(4:06) -- _tChariots of fire _r(Vangelis) _g(3:33) -- _tAfrica _r(TOTO) _g(4:23) -- _tTotal eclipse of the heart _r(Bonnie Tyler) _g(6:59) -- _tWho can it be now _r(Men At Work) _g(3:21) -- _tBette Davis eyes _r(Kim Carnes) _g(3:47) -- _tCall me _r(Blondie) _g(3:32) -- _tThe one that you love _r(Air Supply) _g(4:17) -- _tGhostbusters _r(Ray Parker Jr.) _g(4:03) -- _tDo that to me one more time _r(The Captain & Tennille) _g(3:45) -- _tJessie's girl _r(Rick Springfield) _g(3:14) -- _tFunkytown _r(Lipp's Inc.) _g(7:51). |
| 508 | _aMichelle Eagle-Wolfe, executive album producer; sound produced for CD by Neil Norman; Bob Fisher, remastering. | ||
| 511 | 0 | _aVarious performers. | |
| 648 | 7 |
_a1971-1990 _2fast _916171 |
|
| 650 | 0 |
_aRock music _y1971-1980. _916172 |
|
| 650 | 0 |
_aRock music _y1981-1990. _916173 |
|
| 650 | 7 |
_aRock music. _2fast _0(OCoLC)fst01099204 _99160 |
|
| 655 | 7 |
_aRock music. _2lcgft _99161 |
|
| 655 | 7 |
_aSongs. _2lcgft _916174 |
|
| 906 |
_a7 _bcbc _ccopycat _d2 _encip _f20 _gy-soundrec |
||
| 942 |
_2ddc _cBOOKS _n0 |
||
| 999 |
_c15705 _d15705 |
||